Dolce castigo /

में बचाया:
ग्रंथसूची विवरण
मुख्य लेखक: Cavallaro, Fabrizio, (1967- ) (लेखक)
अन्य लेखक: Bellezza, Dario
स्वरूप: पुस्तक
भाषा:इतालवी
प्रकाशित: \S. l.! : A&B, \2000!
श्रृंखला:Euterpe ; 8
टैग: टैग जोड़ें
कोई टैग नहीं, इस रिकॉर्ड को टैग करने वाले पहले व्यक्ति बनें!

MARC

LEADER 00000nam a22000007i 4500
001 IT\ICCU\BVE\0259197
003 ItRI
005 20250825150122.0
008 020719s2000 it |||||| ||||| |||||c
040 |b ita  |c GP 
041 7 |a ita  |2 ISO-639-2 
100 1 |a Cavallaro, Fabrizio,  |d  (1967- )  |0 IT\ICCU\PALV\040079  |4 aut 
245 1 0 |a Dolce castigo /  |c Fabrizio Cavallaro ; prefazione di Dario Bellezza. 
260 |a \S. l.! :  |b A&B,  |c \2000! 
300 |a 32 p. ;  |c 21 cm. 
700 |a Bellezza, Dario 
830 0 |a Euterpe ;  |v 8  |0 IT\ICCU\PAL\0110843 
942 |2 ddc  |c BK 
952 |0 0  |1 0  |2 ddc  |4 0  |6 851_000000000000000_CAV  |7 1  |9 553  |a RM  |b RM  |d 2024-01-30  |l 0  |o 851 CAV  |p 47  |r 2024-01-30 18:00:41  |w 2024-01-30  |y BK 
981 1 |6 z01  |a i   |b xxxe  
982 1 |6 z01  |a n 
999 |c 490  |d 490